Planning circular 4/2007 - the Town and Country Planning (General Development Procedure) (Scotland) Amendment Order 2007 (Record no. 108375)
[ view plain ]
| 000 -LEADER | |
|---|---|
| fixed length control field | 01555cad a22002655a 4500 |
| 001 - CONTROL NUMBER | |
| control field | E144091 |
| 008 - FIXED-LENGTH DATA ELEMENTS--GENERAL INFORMATION | |
| fixed length control field | 080616s2007 stk f s000 0 eng d |
| 020 ## - INTERNATIONAL STANDARD BOOK NUMBER | |
| International Standard Book Number | 9780755965878 |
| 022 1# - INTERNATIONAL STANDARD SERIAL NUMBER | |
| International Standard Serial Number | 0141514X |
| 035 ## - SYSTEM CONTROL NUMBER | |
| System control number | (Sirsi) u144091 |
| 041 0# - LANGUAGE CODE | |
| Language code of text/sound track or separate title | eng |
| 050 04 - LIBRARY OF CONGRESS CALL NUMBER | |
| Classification number | 711.1 $2 18 |
| 110 2# - MAIN ENTRY--CORPORATE NAME | |
| Corporate name or jurisdiction name as entry element | Scottish Executive Development Department |
| 9 (RLIN) | 3786 |
| 245 00 - TITLE STATEMENT | |
| Title | Planning circular 4/2007 - the Town and Country Planning (General Development Procedure) (Scotland) Amendment Order 2007 |
| Medium | [electronic resource] |
| 260 ## - PUBLICATION, DISTRIBUTION, ETC. | |
| Place of publication, distribution, etc. | Edinburgh |
| Name of publisher, distributor, etc. | Scottish Executive |
| Date of publication, distribution, etc. | 2007 |
| 300 ## - PHYSICAL DESCRIPTION | |
| Extent | [2]p. |
| Dimensions | 30cm. |
| 490 #0 - SERIES STATEMENT | |
| Series statement | Scottish Executive Development Department Circular |
| Volume/sequential designation | (4/2007) |
| 505 2# - FORMATTED CONTENTS NOTE | |
| Formatted contents note | Notification of planning applications: Article 2(5) -- Article 2(4) -- Gardens and Designed Landscapes: Article 2(3) |
| 520 ## - SUMMARY, ETC. | |
| Summary, etc. | Explains the provisions of the Town and Country Planning (General Development Procedure) (Scotland) Amendment Order 2007, which came into force on 1 April 2007. The purpose of the Order is to bring about changes to the arrangements for handling planning applications which must be notified to Scottish Ministers by planning authorities and considering any potential impact on historic gardens and designed landscapes through the planning application process. |
| 521 ## - TARGET AUDIENCE NOTE | |
| Target audience note | Advanced |
| 651 #4 - SUBJECT ADDED ENTRY--GEOGRAPHIC NAME | |
| Geographic name | Scotland |
| Chronological subdivision | 1999- |
| 690 ## - LOCAL SUBJECT ADDED ENTRY--TOPICAL TERM (OCLC, RLIN) | |
| Topical term or geographic name as entry element | ENVIRONMENTAL AND LAND CONSULTANCY-PLANNING AND DEVELOPMENT-DEVELOPMENT CONTROL |
| 856 41 - ELECTRONIC LOCATION AND ACCESS | |
| Uniform Resource Identifier | <a href="https://www.scotland.gov.uk/Publications/2007/03/30143332/0">https://www.scotland.gov.uk/Publications/2007/03/30143332/0</a> |
| Public note | View the item free of charge at www.scotland.gov.uk |
| 942 ## - ADDED ENTRY ELEMENTS (KOHA) | |
| Suppress in OPAC | 0 |
| Withdrawn status | Lost status | Source of classification or shelving scheme | Damaged status | Not for loan | Home library | Current library | Shelving location | Date acquired | Total Checkouts | Full call number | Barcode | Date last seen | Copy number | Price effective from | Koha item type |
|---|---|---|---|---|---|---|---|---|---|---|---|---|---|---|---|
| Dewey Decimal Classification | Virtual | Virtual | Online | 10/05/2011 | ONLINE PUBLICATION | 144091-2001 | 06/08/2019 | 1 | 06/08/2019 | Book |